000 00621nam a2200241Ia 4500
003 OSt
005 20221005085354.0
006 a|||||r|||| 00| 0
007 ta
008 221004b |||||||| |||| 00| 0 eng d
024 _a62317
037 _cTextual
040 _aCRL
_cCRL
_beng
041 _2eng
_aeng
082 _aS:7:7, M3
100 _aBuzan Tony
245 0 _aBrain users guide
_b A handbook for sorting out your life
260 _aNew York
_bE P Dutton
_c1983
300 _a129p.
_ccm.
650 _aPSYCHOLOGY
942 _hS:7:7, M3
_cTEXL
_2cc
999 _c994120
_d994120